| 000 | 00400nam a2200145Ia 4500 | ||
|---|---|---|---|
| 008 | 231129s2002||||xx |||||||||||||| ||spa|| | ||
| 020 | _a958940164-3 | ||
| 040 | _bspa | ||
| 082 | _a796.8152 F825j | ||
| 100 | _aFranco Gaviria Luis Horacio | ||
| 245 | 0 | _aJudo básico: de la iniciación al combate | |
| 260 | _c2002 | ||
| 264 | _aKinesis | ||
| 942 |
_2ddc _cBKS |
||
| 999 |
_c16221 _d16221 |
||